| 000 | 01066nam0a22002531 4500 | ||
|---|---|---|---|
| 001 | rc\732277 | ||
| 005 | 20040301141736.5 | ||
| 021 |
_aRU _bКН-П-19-094876 _9КН-П-19-6953 |
||
| 035 | _a(NLR Aleph) 006262738 | ||
| 090 |
_a6866081 _c6866081 |
||
| 100 | _a20040301d1985 u |0rusy50 ca | ||
| 101 | 0 | _arus | |
| 102 | _aRU | ||
| 105 | _aa ||||||||| | ||
| 200 | 1 |
_aПисатели Саратова _eБиобиблиогр. справ. _fСарат. орг. Добр. о-ва любителей кн., Сарат. обл. универс. науч. б-ка _g[Сост. Л.В. Бессонова, А.П. Непомнящая _gВступ. ст. П.А. Бугаенко] |
|
| 210 |
_aСаратов _cПриволж. кн. изд-во _d1985 |
||
| 215 |
_a319, [1] с. _cпортр. _d17 |
||
| 702 | 1 |
_aБессонова _bЛ. В. _4220 |
|
| 712 | 0 | 2 |
_aСаратовская обл. универсальная науч. б-ка _3RU\NLR\AUTH\889962400 |
| 801 | 0 |
_aRU _bNLR _gpsbo |
|
| 801 | 1 |
_aRU _bELAR _2rusmarc |
|
| 852 |
_aNLR _bС _jК-1/3278 |
||
| 942 | _cBOOK | ||
| 980 | _aNB | ||